000 00390nam a2200169Ia 4500
001 2674
005 20260306144824.0
008 260306t9999||||xx |||||||||||||| ||spa||
041 _aESP
082 _a209.2
_bG26
100 _aGarreaud Indacochea, Emilio
_eAUT
245 0 _aPor una sociedad reconciliada
300 _a
_c
650 _aGEN
654 _aCHU
942 _cLIB
_dJUS
_fJUS
_2ddc
_n
999 _c2674
_d2674